Orlando Magic 2024-2025 Roster - Statistics

General Stats
  • This quiz has been taken 78 times
    39 since last reset
  • The average score is 13 of 17
Answer Stats
Jersey # Answer % Correct
5 Paolo Banchero
100%
0 Anthony Black
91%
22 Franz Wagner
87%
4 Jalen Suggs
87%
21 Moritz Wagner
87%
50 Cole Anthony
83%
34 Wendell Carter
83%
3 Kentavious Caldwell-Pope
74%
35 Goga Bitadze
70%
1 Jonathan Isaac
70%
2 Caleb Houstan
65%
14 Gary Harris
65%
13 Jett Howard
65%
12 Trevelin Queen
65%
23 Tristan Da Silva
65%
10 Cory Joseph
52%
8 Mac McClung
52%
No matching quizzes found
Score Distribution
Percent of People with Each Score
Percentile by Number Answered
Your Score History
You have not taken this quiz since the last reset